ACOUSTIC QUALITY OF THE RAIL SURFACE OF A TRAMWAY

Bibliographic Details
Main Author: Panulinová, Eva, 1960- (Author)
Format: Article
Language:English
ISBN:8071005169

MARC

LEADER 00000naa a2200000uu 4500
001 vtls010954003
003 SK-MaSNL
005 20260302123946.0
008 210910|1998 xo |||||||||||||||||eng|
015 |a SNBRA 
035 |a (urnnbn)urn:nbn:sk:snk:ar-a0bm25 
035 |a (uuid)a3a7a332-76d3-41ba-8d72-9e41aa9c070e 
035 |a urn:nbn:sk:snk-aaue1j 
040 |a SNKBUCL  |b slo  |c SNKBUCL  |e AACR2 
041 0 |a eng 
044 |a xo  |c SK 
100 1 |a Panulinová, Eva,  |d 1960-  |4 aut  |9 199555 
245 1 0 |a ACOUSTIC QUALITY OF THE RAIL SURFACE OF A TRAMWAY  |c Eva Panulinová 
773 0 |t Communications on the edge of the millenniums  |d Žilina : University of Žilina, 1998, 1998  |g S. 87-90  |z 8071005169 
958 |a OND 
958 |a article11 
958 |a chapter 
999 |c 1285446  |d 1287376